00891nam a2200253 i 4500003000900000005001700009007000300026008004100029020001500070040003000085082001300115100003700128245009600165264004500261300003800306336002700344337003400371338002800405490003100433500003500464500007100499504003100570700003600601DO-SdBNP20240711150557.0ta240711b1995 sp c 001 0 spa d a8408016172 aDO-SdBNPbspacBNPHUerda 4bP8822221 aPowell, charles T.eautord1960-10aJuan Carlos un rey para la democracia : cCharles T. Powell ; traducción Ángela Pérez aBarcelona, España :bPlaneta, c1995. a430 páginas :bretratosc24 cm. 2rdacontentatextobtxt 2rdamediaasin mediaciónbnc 2rdacarrieravolumenbnc1 aLa línea del horizonte.  aIncluye índice onomástico. aIncluye datos biografícos del autor en la solapa de la portada.  aBibliografía p: 413-421.1 aPérez, Ángelaetraducción